000 00750nas a2200253 4500
001 BR0802541
003 BR-BrBNA
005 20231205112019.0
007 ta
008 230509b bl.|||p| |||| 00| 00por d
040 _aBR-BrBNA
_bpor
_cBiblioteca Nacional de Agricultura
041 _a(Pt)
072 _aL20; H10
100 1 _aSoto, S.S.
100 1 _aNakano, O.
245 1 _aEstudo morfológico de Batrachedra nuciferae Hodges (Lepidoptera: Coleophoridae)
650 _aINSETO
650 _aMORFOLOGIA ANIMAL
650 _aTRAÇA
650 _aCOQUEIRO
773 0 _tNeotropical Entomology (Brazil)
_xISSN 1519-566X
_g(Mar-Apr 2004), v. 33(2) p. 173-178
_wBR0802541
909 _a202311
_bLúcia
_c55
_dLúcia Elande
942 _2AGRIS
_n0
_cANA
999 _c195631
_d195631